| 000 | 00624nam a2200169Ia 4500 | ||
|---|---|---|---|
| 005 | 20250508152550.0 | ||
| 008 | 008 250505s9999 xx 000 0 eng d | ||
| 037 | _aTextual | ||
| 040 |
_aFEDL _beng _cFEDL |
||
| 041 |
_aeng _2eng |
||
| 084 |
_a570, LIB _qFEDL |
||
| 245 | 0 | _aBiology the world of living things: An introduction to the study of plants and animals: The growth, behaviour, courtship and reproduction of living theings: The body and mind of man: And evolution and heredity | |
| 260 |
_aLondon, UK _bOdhams Press Ltd. |
||
| 300 | _a384p. | ||
| 942 |
_cTEXL _h570, LIB |
||
| 999 |
_c1337288 _d1337288 |
||